Materials for building (Record no. 50603)

MARC details
000 -LEADER
fixed length control field 00545nam a2200157 a 4500
008 - FIXED-LENGTH DATA ELEMENTS--GENERAL INFORMATION
fixed length control field 120416s1976 ||||||||||||||||| || u
020 ## - INTERNATIONAL STANDARD BOOK NUMBER
International Standard Book Number 0408001712
050 ## - LIBRARY OF CONGRESS CALL NUMBER
Classification number TA 403 Add
100 ## - MAIN ENTRY--PERSONAL NAME
Personal name Addleson, Lyall
245 10 - TITLE STATEMENT
Title Materials for building
246 ## - VARYING FORM OF TITLE
Title proper/short title heat and fire and their effects
260 ## - PUBLICATION, DISTRIBUTION, ETC.
Place of publication, distribution, etc. London
Name of publisher, distributor, etc. Newnes-Butterworths
Date of publication, distribution, etc. 1976
300 ## - PHYSICAL DESCRIPTION
Extent v, 181p. : ill.
350 ## - PRICE (NR) (BK AM CF MU VM SE) [OBSOLETE]
Price 0.00
995 ## - RECOMMENDATION 995 [LOCAL, UNIMARC FRANCE]
-- 0.00
-- CBU-MAIN LIBRARY (Kitwe)
-- 1
-- 25.00
-- 1
-- AVAILABLE
-- Annex Low-Usage Collection
Holdings
Withdrawn status Lost status Source of classification or shelving scheme Damaged status Not for loan Home library Current library Shelving location Date acquired Total Checkouts Full call number Barcode Date last seen Price effective from Koha item type
          CBU-MAIN LIBRARY, KITWE. CBU-MAIN LIBRARY, KITWE.   11/30/2022   TA 403 Add 014134 11/30/2022 11/30/2022 MONOGRAPH